00639 2200217 4500001002100000005001500021035002000036007000300056008004100059020002200100082000800122084001400130100003000144245009700174250001100271260004500282300004700327650001200374700001900386990001600405INLIS00000000000002520220513095327 a0010-0522000007ta220513 b 0 ind  a978-602-01-1857-4 a372 a372 NOO i0 aNoor Endah Tjahjaningtias1 aIndahnya Kebersamaan 4A :bTematik Terpadu untuk SD/MI Kelas IV /cNoor Endah Tjahjaningtias aRevisi aBandung :bGrafindo Media Pratama,c2017 a122 halaman :bilustrasi berwarna ;c25 cm 4aTematik0 aMomon Sulaeman a00000000023